La dictadura y la monarquía neofranquista : (Record no. 193379)

MARC details
000 -LEADER
campo de control de longitud fija 01208nam a2200325 i 4500
001 - NÚMERO DE CONTROL
campo de control 193379
003 - IDENTIFICADOR DE NÚMERO DE CONTROL
campo de control ES-MaRBCM
005 - FECHA Y HORA DE LA ÚLTIMA TRANSACCIÓN
campo de control 20231115063052.0
007 - CAMPO FIJO DE DESCRIPCIÓN FÍSICA--INFORMACIÓN GENERAL
campo de control de longitud fija ta
008 - DATOS DE LONGITUD FIJA--INFORMACIÓN GENERAL
campo de control de longitud fija 231113s2014 sp a e 00| 0|spa d
020 ## - NÚMERO INTERNACIONAL ESTÁNDAR DEL LIBRO
Número Internacional Estándar del Libro 9788415826439
035 ## - NÚMERO DE CONTROL DEL SISTEMA
Número de control de sistema CCBIP05041133
040 ## - FUENTE DE CATALOGACIÓN
Centro catalogador/agencia de origen M-BPM
Lengua de catalogación spa
Centro/agencia transcriptor M-BPM
Centro/agencia modificador ES-MaACL
080 ## - NÚMERO DE LA CLASIFICACIÓN DECIMAL UNIVERSAL
Número de la Clasificación Decimal Universal 946.0"1939/2014"
080 ## - NÚMERO DE LA CLASIFICACIÓN DECIMAL UNIVERSAL
Número de la Clasificación Decimal Universal 32(460)"1939/2014"
100 1# - ENTRADA PRINCIPAL--NOMBRE DE PERSONA
Nombre de persona Cantón Rodríguez, José
9 (RLIN) 146321
Término indicativo de función/relación Autor
245 13 - MENCIÓN DEL TÍTULO
Título La dictadura y la monarquía neofranquista :
Resto del título (memoria de España para tiempos de cambio social) /
Mención de responsabilidad, etc. José Cantón R.
260 ## - PUBLICACIÓN, DISTRIBUCIÓN, ETC.
Lugar de publicación, distribución, etc. Madrid :
Nombre del editor, distribuidor, etc. Cultiva Libros,
Fecha de publicación, distribución, etc. [2014]
300 ## - DESCRIPCIÓN FÍSICA
Extensión 469 p. :
Otras características físicas il. ;
Dimensiones 24 cm.
336 ## - TIPO DE CONTENIDO
Término de tipo de contenido Texto (visual)
Fuente isbdcontent]
337 ## - TIPO DE MEDIO
Nombre/término del tipo de medio sin mediación
Fuente isbdmedia]
338 ## - TIPO DE SOPORTE
Fuente rdacarrier
Nombre/término del tipo de soporte volumen
651 #4 - PUNTO DE ACCESO ADICIONAL DE MATERIA--NOMBRE GEOGRÁFICO
Nombre geográfico España-
Subdivisión general Historia-
Fuente del encabezamiento o término embne
9 (RLIN) 8329
Subdivisión cronológica 1939-1955
651 #7 - PUNTO DE ACCESO ADICIONAL DE MATERIA--NOMBRE GEOGRÁFICO
Nombre geográfico España-
Subdivisión general Política y gobierno-
9 (RLIN) 172445
Subdivisión cronológica 1939-1955
852 ## - LOCALIZACIÓN
Ubicación ES-MaACL
itemnumber 200825
Sublocalización o colección R.150232
Signatura antigua Olim: N-6249
Número de control de estantería A-13249
Ubicación en estantería Depósito 1
Donativo/Legado Donación: José Cantón Rodriguez
903 ## - NOMBRE PERSONAL DE DONANTE
9 146321
a Cantón Rodríguez, José
e Donante
942 ## - ELEMENTOS DE ENTRADA SECUNDARIOS (KOHA)
Suprimir en OPAC No
Tipo de ítem Koha Libro impreso
Holdings
Estatus retirado Estado de pérdida Fuente del sistema de clasificación o colocación Estado de daño No para préstamo Biblioteca de origen Biblioteca actual Ubicación en estantería Fecha de adquisición Fuente de adquisición Total de préstamos Signatura topográfica completa Código de barras Visto por última vez Precio de reemplazo Tipo de ítem Koha
    Clasificación decimal universal     Biblioteca del Ateneo de Madrid Biblioteca del Ateneo de Madrid Depósito 1 13/11/2023 Donación   A-13249 101206121 13/11/2023 13/11/2023 Libro impreso